000 00935nam a2200253Ia 4500
003 OSt
005 20220923211145.0
006 a|||||r|||| 00| 0
007 ta
008 220922b |||||||| |||| 00| 0 hin d
020 _a8186684913 (hbk)
_c125
024 _a245,396
037 _b368, 11/02/2011, Swaraj Prakashan
_cTextual
040 _aARTS
_cARTS
_bhin
041 _2hin
_ahin
082 _aT2.2, 152P2
100 _aकृष्ण कुमार
_9156290
245 0 _aशिक्षा और ज्ञान
_b पांच व्याख्यानों का संग्रह
246 _aShikṣhā aur jnyāna: pāancha vyākhyānoan kā sangraha
260 _aदिल्ली
_b ग्रंथ शिल्पी
_c2002
300 _a107पृ.
_ccm.
942 _hT2.2, 152P2
_cTEXL
_2CC
999 _c296071
_d296071